| 000 | 01461cam a2200361 a 4500 | ||
|---|---|---|---|
| 001 | 25123 | ||
| 003 | BD-RjUL | ||
| 005 | 20211209050832.0 | ||
| 008 | 140316t1989 ii b 001 0 eng | ||
| 035 | _a(BD-RjUL)25192 | ||
| 035 | _a(OCoLC)ocm20826161 | ||
| 035 | _a(CStRLIN)NYCG90-B19747 | ||
| 035 | _a(BD-RjUL) | ||
| 035 | _a(NNC)823065 | ||
| 040 |
_aDLC _cDLC _dDLC _dNNC _dBD-RjUL _beng |
||
| 041 | _aeng | ||
| 082 | 0 | 0 |
_a954.035092 _220 _bGHI 1989 |
| 090 |
_aDS480.45 _b.G456 1989 |
||
| 100 | 1 |
_aGhosh, Suniti Kumar. _977308 |
|
| 245 | 1 | 0 |
_aIndia and the Raj, 1919-1947 : _bglory, shame, and bondage / _cSuniti Kumar Ghosh. _nVolume-1 |
| 260 |
_aCalcutta ; _bPrachi : _bPrachi, _cc1989. |
||
| 300 |
_aV-1 (388 p.); _c23 cm. |
||
| 500 | _aVol. 2 published: Bombay : Research Unit for Political economy. | ||
| 500 | _aPresentation of the author's thesis that besides the struggle launched by the Indian National Congress under the leadership of Mahatma Gandhi, 1869-1948, there were other struggles by peasants, political moderates and revolutionists for the cause of Indian independence. | ||
| 500 | _aVol. 1 covers the period up to 1931. | ||
| 504 | _aIncludes bibliographical references and index | ||
| 600 | 1 | 0 |
_aGandhi, _cMahatma, _d1869-1948. _977317 |
| 610 | 2 | 0 |
_aIndian National Congress _977318 |
| 651 | 0 |
_aIndia _xPolitics and government _y1919-1947. _977311 |
|
| 942 |
_2ddc _cBK |
||
| 999 |
_c25123 _d25123 |
||